Eltűnt a komáromi egyetértés? Ma írják alá az ET-hez címzett levelet

Bibliographic Details
Main Author: -csi- (Author)
Format: Article
Language:Hungarian
Subjects:

MARC

LEADER 00000nab a2200000 a 4500
001 vtls000493731
003 SK-MaSNL
005 20260318123445.0
008 150205c1993 xo 0 hun
015 |a SNBRB19rr/mm-uuuuu 
035 |a CL0493869 
040 |a SNKBUCL  |b slo  |c SNKBUCL  |e AACR2 
041 0 |a hun 
044 |a xo  |c SK 
080 |a 329(437.6=945.11)  |2 1981 
100 1 |a -csi-  |4 aut  |9 966068 
245 1 0 |a Eltűnt a komáromi egyetértés?  |b Ma írják alá az ET-hez címzett levelet  |c -csi- 
650 0 7 |a strany politické maďarské  |2 snkbucl  |9 901655 
650 0 7 |a hnutia politické maďarské  |2 snkbucl  |9 982915 
651 7 |a Slovensko  |2 snkbucl  |9 14231 
655 7 |a články z novín a časopisov  |2 snkbucl  |9 267496 
773 0 |t Új szó  |g Roč. 46, č. 202 (31. 8. 1993), s. 2 
850 |a Slovenská národná knižnica v Martine  |a MTA001 
852 |a SNK  |b KIS3GCP 
958 |a RK 
992 |a RBX 
999 |c 2687925  |d 2689855